Theme Logo Quiz - Food - Statistics

General Stats
  • This quiz has been taken 80 times
  • The average score is 30 of 58
Answer Stats
Picture Answer % Correct
Pepsi
96%
Burger King
89%
KFC
89%
Lay's
89%
Coca-Cola
87%
Monster
87%
Doritos
85%
Dunkin'
85%
McDonald's
85%
Nestle
85%
Snickers
85%
Taco Bell
83%
Pringles
80%
Mountain Dew
78%
Arby's
70%
Pizza Hut
70%
Fanta
67%
Lipton
67%
Starbucks
67%
Smarties
65%
Red Bull
61%
Wendy's
61%
KitKat
59%
Oreo
59%
Domino's
52%
Costa Coffee
48%
Jif
46%
Cadbury
43%
Orbit
43%
Galaxy
41%
Heineken
41%
Kellogg's
41%
Aero
39%
Gerber
39%
Walkers
39%
Big Boy
37%
Chips Ahoy!
37%
Little Caesar's
37%
Unilever
37%
Jollibee
35%
Green Giant
33%
Guinness
33%
Milo
33%
Bacardi
30%
Greenwich
30%
Quaker Oats
30%
Aquafina
28%
Nesquik
28%
Tabasco
28%
Nestea
26%
Ruffles
26%
Army Navy
24%
Bear Brand
24%
C2
24%
Nova
24%
Royal Tru
24%
Nabisco
22%
Republic Biscuit Corp.
22%
No matching quizzes found
Score Distribution
Percent of People with Each Score
Percentile by Number Answered
Your Score History
You have not taken this quiz